000 01390cam a22003857a 4500
003 CHAP
005 20220817043414.0
008 971127d1994 mx r 00110 spa d
010 _a74579
011 _a75551
035 _a85115
040 _cCHAP
090 _aTesis
100 0 0 _aReyes Martínez, Rosa.
_996903
245 1 0 _aDesarrollo de brotes de caoba (Swietenia macrophylla King) a partir del cultivo in vitro de yemas axilares de brotes del tallo
_cpor Rosa Reyes Martínez
260 _aChapingo, Méx. :
_bEl autor,
_c1994
300 _a66 h. :
_bgráfs. ; cuadros
502 _aTesis (Ing. Agr. Esp. en Fitotecnia) -- UACH. Departamento de Fitotecnia
590 _aALEPH
_b10
_c20130110
_lUCH01
_h1420
590 _aBATCH-UPD
_b10
_c20130110
_lUCH01
_h0536
590 _aBATCH-UPD
_b10
_c20130110
_lUCH01
_h2337
590 _aBATCH-UPD
_b10
_c20130410
_lUCH01
_h0216
590 _aBATCH-UPD
_b10
_c20130410
_lUCH01
_h1626
590 _aBATCH-UPD
_b10
_c20130914
_lUCH01
_h0834
590 _aCONVERSION
_b10
_c20130109
_lUCH01
_h1341
650 1 4 _aCaoba
_xPropagación.
_918565
650 1 4 _aCaoba
_xYemas.
_918568
650 1 4 _aCultivo de tejidos.
_930213
650 1 4 _aPropagación de árboles.
901 _aBK
905 _aLilia Sánchez G.
942 _cFOLL
949 _bBC
_cTES
_d33724000629432
_eTS2
_fc.2
_h31930
_i85115
_si
949 _bBC
_cTES
_d851151
_eTS1
_h31929
_i85115
_sb
999 _c74579
_d74579